000 00774nam a22002417a 4500
005 20170124110132.0
010 _aA-759264
020 _c00.00
_a8170247063
035 _aA-759264
037 _bCen Lib/Ret
040 _aDPL
_bEN
082 _a677.0654
_bGHO
100 _aGhosh, G. K.
_97695
245 _aIndian textiles :
_cby G. K. Ghosh [and] Shukla Ghosh
_bpast and present /
260 _bA. P. H. Publishing Corporation
_aNew Delhi
_c1995
270 _bNew Delhi
_a5, Ansari Road, Darya Ganj
_e110002
300 _axi,306p. :
_c21cm(Hb)
_bill.
500 _aIncludes index
650 _aTextile fabrics -- India -- History
_932415
650 _aTextile fabrics
_992387
700 _aGhosh, Shukla
_932417
942 _2ddc
_cEN
_h677.0954
_mGHO
999 _c131663
_d131663